Quiz - Aura des rôles de Wolvesville 1 - Statistiques

Statistiques générales
  • Ce quiz a été pris 40 fois
  • Le résultat moyen est 12 sur 15
Statistiques - réponses
Question Réponse % Correct
Villageois Maudit Claire
100%
Carillonneur Claire
100%
Cupidon Claire
100%
Illusionniste Inconnue
100%
Loup des Marais Obscure
100%
Liseur de Bonne Aventure Claire
92%
Loup-Confus Obscure
92%
Potiroi de l'Épouvante Claire
83%
Garnement Inconnue
83%
Sorcière Inconnue
75%
Instigateur Claire
67%
Loup-Invocateur Inconnue
67%
Tireur d'Élite Inconnue
67%
Fan des Loups Claire
42%
Chasseur de Bêtes Claire
17%
Aucun quiz correspondant
Distribution des résultats
% des personnes avec chaque résultat
Percentile par nombre de réponses
Votre historique - résultats
Vous n’avez pas pris ce quiz